OZNAČENIA PÔVODU VÝROBKOV V POTRAVINÁRSKOM PRIEMYSLE SR

Bibliographic Details
Main Author: Vyparina, Stanislav, 1928- (Author)
Format: Article
Language:Slovak

MARC

LEADER 00000nab a2200000 a 4500
001 vtls010719147
003 SK-MaSNL
005 20260304185729.0
008 250709s2003 xo |||||||||||||||||slo|
035 |a (urnnbn)urn:nbn:sk:snk:ar-a04pnr 
035 |a (uuid)9cc929b2-e79d-4bab-811e-ebf9492c99de 
035 |a urn:nbn:sk:snk-ab3kio 
040 |a SNKBUCL  |b slo  |c SNKBUCL  |e AACR2 
041 0 |a slo 
044 |a xo  |c SK 
100 1 |a Vyparina, Stanislav,  |d 1928-  |4 aut  |9 124276 
245 1 0 |a OZNAČENIA PÔVODU VÝROBKOV V POTRAVINÁRSKOM PRIEMYSLE SR  |c S. Vyparina 
773 0 |t Mliekarstvo : bulletin pre internú potrebu výrobcov a spracovateľov mlieka  |g Roč. 34, č. 2 (2003), s. 49-51 
850 |a Slovenská národná knižnica 
852 |a Slovenská národná knižnica 
954 |a odborná, vedecká literatúra pôvodná (slovenská)  |2 lita 
958 |a article1 
958 |a OND 
958 |a EUIPO 
999 |c 3045686  |d 3047616